UM Logo

Full-torque starting and low-speed operation of an LCI-fed active-reactive induction motor drive / (Record no. 18888)

MARC details
000 -LEADER
fixed length control field 00979nam a22002417a 4500
003 - CONTROL NUMBER IDENTIFIER
control field OSt
005 - DATE AND TIME OF LATEST TRANSACTION
control field 20251020171815.0
008 - FIXED-LENGTH DATA ELEMENTS--GENERAL INFORMATION
fixed length control field 240202b ||||| |||| 00| 0 eng d
040 ## - CATALOGING SOURCE
Transcribing agency 0
082 ## - DEWEY DECIMAL CLASSIFICATION NUMBER
Classification number DPer 621.317 Ie21 January 2022 v.37 n. 1
100 ## - MAIN ENTRY--PERSONAL NAME
Personal name Titus, Jose.
Relator term author.
9 (RLIN) 51260
245 ## - TITLE STATEMENT
Title Full-torque starting and low-speed operation of an LCI-fed active-reactive induction motor drive /
Statement of responsibility, etc. Jose Titus, Harikrishnan P, and Kamalesh Hatua.
260 ## - PUBLICATION, DISTRIBUTION, ETC. (IMPRINT)
Place of publication, distribution, etc. New York ;
Name of publisher, distributor, etc. The Institute of Electrical and Electronics Engineers, Inc. ,
Date of publication, distribution, etc. January 2022.
300 ## - PHYSICAL DESCRIPTION
Extent Volume 37, pages 738-748 :
Other physical details illustration ;
Dimensions 28 cm.
500 ## - GENERAL NOTE
General note IEEE Transactions on Power Electronics, v. 37 n 1, pages 738-748, January 2022.
650 #0 - SUBJECT ADDED ENTRY--TOPICAL TERM
Topical term or geographic name as entry element Reactive power.
9 (RLIN) 65881
650 #0 - SUBJECT ADDED ENTRY--TOPICAL TERM
Topical term or geographic name as entry element Topology.
9 (RLIN) 65877
650 #0 - SUBJECT ADDED ENTRY--TOPICAL TERM
Topical term or geographic name as entry element Windings.
9 (RLIN) 65851
700 ## - ADDED ENTRY--PERSONAL NAME
Personal name Titus, Jose.
Relator term author.
9 (RLIN) 51260
700 ## - ADDED ENTRY--PERSONAL NAME
Personal name P, Harikrishnan.
Relator term author.
9 (RLIN) 51261
700 ## - ADDED ENTRY--PERSONAL NAME
Personal name Hatua, Kamalesh.
Relator term author.
9 (RLIN) 51262
942 ## - ADDED ENTRY ELEMENTS (KOHA)
Source of classification or shelving scheme Dewey Decimal Classification
Koha item type Periodicals
Holdings
Withdrawn status Lost status Source of classification or shelving scheme Damaged status Not for loan Collection code Home library Current library Date acquired Total Checkouts Full call number Date last seen Price effective from Koha item type Public note
    Dewey Decimal Classification     Periodicals UM Digos College - LIC UM Digos College - LIC 02/02/2024   DPer 621.317 Ie21 January 2022 v. 37 n. 1 02/02/2024 02/02/2024 Periodicals Periodical Article